[Event "POL-chT 2nd League"]
[Site "Jastrzebia Gora"]
[Date "2022.09.09"]
[Round "7.62"]
[White "Dzwierzynski, Bartosz"]
[Black "Dzierzak, Radoslaw"]
[Result "1-0"]
[WhiteElo "2089"]
[BlackElo "2254"]
[PlyCount "38"]
[EventDate "2022.09.03"]
[EventType "team-swiss"]
[EventRounds "9"]
[EventCountry "POL"]
[SourceTitle "CBM 210 Extra"]
[Source "ChessBase"]
[SourceDate "2022.11.30"]
[SourceVersion "1"]
[SourceVersionDate "2022.11.30"]
[SourceQuality "1"]
[WhiteTeam "Sanovia Lesko"]
[BlackTeam "Gliwice Politechnika Slaska"]
[WhiteTeamCountry "POL"]
[BlackTeamCountry "POL"]

1. d4 Nf6 2. c4 e6 3. Nc3 Bb4 4. f3 0-0 5. e4 d5 6. e5 Nfd7 7. a3 Bxc3+ 8. bxc3 dxc4 9. f4 Nb6 10. Nf3 Bd7 11. a4 a5 12. Be2 Bc6 13. 0-0 Qd7 14. Qe1 Bxa4 15. Rxa4 Qxa4 16. f5 exf5 17. Nh4 g6 18. Qg3 Kh8 19. Bh6 N8d7 1-0

[Event "Bystre op 2nd"]
[Site "Bystre"]
[Date "2022.07.21"]
[Round "5"]
[White "Hnatyshyn, Anastasiya"]
[Black "Dzwierzynski, Bartosz"]
[Result "0-1"]
[WhiteElo "1931"]
[BlackElo "2129"]
[PlyCount "148"]
[EventDate "2022.07.17"]
[EventType "swiss"]
[EventRounds "9"]
[EventCountry "POL"]
[SourceTitle "CBM 209 Extra"]
[Source "ChessBase"]
[SourceDate "2022.09.30"]
[SourceVersion "1"]
[SourceVersionDate "2022.09.30"]
[SourceQuality "1"]

1. e4 c5 2. Nf3 d6 3. d4 cxd4 4. Nxd4 Nf6 5. Nc3 g6 6. Be3 Bg7 7. f3 Nc6 8. Qd2 0-0 9. 0-0-0 d5 10. exd5 Nxd5 11. Nxc6 bxc6 12. Bd4 Nxc3 13. Qxc3 Bh6+ 14. Be3 Bxe3+ 15. Qxe3 Qb6 16. Qxe7 Be6 17. Qa3 Rad8 18. Bd3 Rd5 19. b3 Rfd8 20. Qe7 Qd4 21. Kb1 Qc3 22. Rc1 a5 23. Qa3 a4 24. Qb2 Qa5 25. b4 Qb6 26. a3 c5 27. Ka1 Rd4 28. b5 c4 29. Be4 c3 30. Qxc3 Qxb5 31. Rb1 Qe2 32. g4 Rc4 33. Qf6 Qd2 34. Rhd1 Qxd1 35. Rxd1 Rxd1+ 36. Kb2 Rd6 37. Qe7 Rb6+ 38. Kc1 Rc8 39. h4 h6 40. h5 gxh5 41. g5 hxg5 42. Qxg5+ Kf8 43. f4 Bg4 44. f5 Rd6 45. Qf4 Ke7 46. Qe5+ Kd7 47. Qb5+ Kd8 48. Qa5+ Ke7 49. Qxa4 Kf6 50. Qb5 h4 51. Qb2+ Kg5 52. Qb7 Rd1+ 53. Kb2 Rcd8 54. Qe7+ f6 55. Bd3 R8xd3 56. cxd3 h3 57. Qe3+ Kxf5 58. a4 Rf1 59. Qg3 Rf3 60. Qh2 Rxd3 61. Qc2 Ke4 62. Qc6+ Ke3 63. Qxf6 Rd2+ 64. Kc1 Rf2 65. Qc3+ Kf4 66. Qc7+ Kf3 67. Qb7+ Kg3 68. Qc7+ Kg2 69. Qc6+ Bf3 70. Qg6+ Kf1 71. Qd3+ Kg1 72. Qg6+ Bg2 73. a5 h2 74. a6 h1Q 0-1

[Event "Krakow op-A 32nd"]
[Site "Krakow"]
[Date "2021.12.27"]
[Round "1"]
[White "Dev, Shah"]
[Black "Dzwierzynski, Bartosz"]
[Result "1/2-1/2"]
[WhiteElo "2243"]
[BlackElo "2100"]
[PlyCount "100"]
[EventDate "2021.12.27"]
[EventType "swiss"]
[EventRounds "9"]
[EventCountry "POL"]
[SourceTitle "EXT 2023"]
[Source "ChessBase"]
[SourceDate "2022.10.05"]
[SourceVersion "1"]
[SourceVersionDate "2022.10.05"]
[SourceQuality "1"]

1. d4 Nf6 2. c4 g6 3. Nc3 d5 4. cxd5 Nxd5 5. e4 Nxc3 6. bxc3 Bg7 7. Bc4 0-0 8. Ne2 c5 9. 0-0 Nc6 10. Be3 Bg4 11. f3 Bd7 12. Rb1 a6 13. dxc5 Na5 14. Bd5 Qc7 15. Kh1 Bc6 16. c4 e6 17. Bxc6 Nxc6 18. Qb3 Rab8 19. f4 e5 20. f5 Nd4 21. Bxd4 exd4 22. f6 Bh6 23. Nxd4 Rfd8 24. Qh3 Bf8 25. Nb3 Bxc5 26. Nxc5 Qxc5 27. Qh6 Qf8 28. Qe3 Rd6 29. e5 Rc6 30. Rfd1 Rxc4 31. Rd7 Rc6 32. Rbxb7 Rxb7 33. Rxb7 Re6 34. h3 h6 35. a4 g5 36. Qe4 Qc8 37. Rxf7 Qc1+ 38. Kh2 Kxf7 39. Qh7+ Ke8 40. Qg8+ Kd7 41. Qf7+ Kd8 42. Qxe6 Qf4+ 43. Kg1 Qc1+ 44. Kf2 Qd2+ 45. Kf3 Qd3+ 46. Kg4 Qe2+ 47. Kg3 Qe3+ 48. Kg4 Qe2+ 49. Kf5 Qd3+ 50. Kg4 Qe2+ 1/2-1/2

[Event "POL-ch U20"]
[Site "Pokrzywna"]
[Date "2020.12.06"]
[Round "9"]
[White "Kokoszczynski, Jan"]
[Black "Dzwierzynski, Bartosz"]
[Result "1-0"]
[WhiteElo "2221"]
[BlackElo "1939"]
[PlyCount "97"]
[EventDate "2020.11.30"]
[EventType "swiss"]
[EventRounds "9"]
[EventCountry "POL"]
[SourceTitle "CBM 199 Extra"]
[Source "ChessBase"]
[SourceDate "2021.01.31"]
[SourceVersion "1"]
[SourceVersionDate "2021.01.31"]
[SourceQuality "1"]

1. d4 Nf6 2. c4 g6 3. Nc3 d5 4. cxd5 Nxd5 5. e4 Nxc3 6. bxc3 Bg7 7. Qa4+ c6 8. Nf3 0-0 9. Be2 Nd7 10. 0-0 b5 11. Qa3 a6 12. Bg5 Re8 13. Rad1 Nb6 14. Nd2 Qc7 15. Be3 Be6 16. c4 Bxc4 17. Nxc4 Nxc4 18. Bxc4 bxc4 19. Qc5 Qd6 20. Qxc4 e5 21. d5 cxd5 22. Rxd5 Qe6 23. Rfd1 Rac8 24. Qa4 Rc6 25. h3 h5 26. Qa5 Bf6 27. Rb1 Qc8 28. Rbd1 Qe6 29. Rd7 Re7 30. R7d2 Re8 31. Rd7 Re7 32. R7d3 Re8 33. Kh2 Kg7 34. Rd5 Kh7 35. Rb1 Qc8 36. Rbd1 Qe6 37. R1d3 Bg7 38. Rd7 Re7 39. Rd8 Re8 40. R8d7 Re7 41. Rd8 Re8 42. Rxe8 Qxe8 43. Rd8 Qe6 44. Ra8 Bf6 45. Qb4 Rc8 46. Ra7 Qxa2 47. Qb7 Re8 48. Rxa6 Re7 49. Qa8 1-0

[Event "POL-ch U20"]
[Site "Pokrzywna"]
[Date "2020.11.30"]
[Round "1"]
[White "Dzwierzynski, Bartosz"]
[Black "Psyk, Radoslaw"]
[Result "0-1"]
[WhiteElo "1939"]
[BlackElo "2375"]
[PlyCount "54"]
[EventDate "2020.11.30"]
[EventType "swiss"]
[EventRounds "9"]
[EventCountry "POL"]
[SourceTitle "CBM 199 Extra"]
[Source "ChessBase"]
[SourceDate "2021.01.31"]
[SourceVersion "1"]
[SourceVersionDate "2021.01.31"]
[SourceQuality "1"]

1. d4 Nf6 2. c4 g6 3. Nc3 d5 4. cxd5 Nxd5 5. Bd2 Bg7 6. e4 Nb6 7. Be3 0-0 8. h3 f5 9. exf5 Bxf5 10. Qb3+ Kh8 11. g4 Bc8 12. Rd1 Nc6 13. d5 Ne5 14. f4 Nf7 15. Nf3 e5 16. Be2 exf4 17. Bxf4 Nd6 18. Bg3 Nbc4 19. Bxd6 Nxd6 20. 0-0 Bd7 21. Nb5 Bxb5 22. Bxb5 Qf6 23. Bd7 Qf4 24. Kg2 Nc4 25. Rde1 Nd2 26. Nxd2 Qxd2+ 27. Kh1 Be5 0-1

[Event "POL-ch U18"]
[Site "Szklarska Poreba"]
[Date "2020.03.13"]
[Round "8"]
[White "Musial, Tomasz"]
[Black "Dzwierzynski, Bartosz"]
[Result "1/2-1/2"]
[WhiteElo "2051"]
[BlackElo "1944"]
[PlyCount "80"]
[EventDate "2020.03.07"]
[EventType "swiss"]
[EventRounds "8"]
[EventCountry "POL"]
[SourceTitle "CBM 195 Extra"]
[Source "ChessBase"]
[SourceDate "2020.05.31"]
[SourceVersion "1"]
[SourceVersionDate "2020.05.31"]
[SourceQuality "1"]

1. d4 Nf6 2. c4 c5 3. d5 b5 4. cxb5 a6 5. e3 g6 6. Nc3 Bg7 7. Nf3 d6 8. a4 0-0 9. Ra3 Nbd7 10. e4 Ng4 11. h3 Nge5 12. Nd2 axb5 13. Bxb5 Ba6 14. Bxa6 Rxa6 15. Qe2 Nb8 16. 0-0 Ra8 17. f4 Ned7 18. Nc4 Nb6 19. Be3 Nxc4 20. Qxc4 Na6 21. Rb1 Qa5 22. Nb5 Rfb8 23. Bf2 Qd2 24. Rf3 Qb4 25. Qxb4 Nxb4 26. b3 f5 27. exf5 Nxd5 28. Rd1 Nf6 29. fxg6 hxg6 30. g4 Ne4 31. Bh4 Kf7 32. Bxe7 Rxb5 33. axb5 Bd4+ 34. Rxd4 cxd4 35. Bh4 Ra1+ 36. Rf1 Ra5 37. Rd1 Nc3 38. Rd2 Rxb5 39. Bf2 Rxb3 40. Bxd4 Nd5 1/2-1/2

[Event "Krakow op-B 30th"]
[Site "Krakow"]
[Date "2020.01.02"]
[Round "7"]
[White "Gorkiewicz, Mateusz"]
[Black "Dzwierzynski, Bartosz"]
[Result "1/2-1/2"]
[WhiteElo "1964"]
[BlackElo "2065"]
[PlyCount "75"]
[EventDate "2019.12.27"]
[EventType "swiss"]
[EventRounds "9"]
[EventCountry "POL"]
[SourceTitle "CBM 195 Extra"]
[Source "ChessBase"]
[SourceDate "2020.05.31"]
[SourceVersion "1"]
[SourceVersionDate "2020.05.31"]
[SourceQuality "1"]

1. e4 c5 2. Nf3 d6 3. d4 cxd4 4. Nxd4 Nf6 5. Nc3 g6 6. g3 Bg7 7. Bg2 0-0 8. 0-0 Nc6 9. Nde2 Rb8 10. a4 a6 11. Nd5 b5 12. axb5 axb5 13. Bg5 Nxd5 14. exd5 Ne5 15. Nd4 Bd7 16. b3 h6 17. Bd2 b4 18. h3 Qc8 19. Kh2 Nd3 20. Be3 Nc5 21. Re1 Re8 22. Ra7 Rb7 23. Rxb7 Qxb7 24. Qd2 Kh7 25. Ra1 Qb6 26. Ra2 e6 27. dxe6 fxe6 28. Ne2 e5 29. Ra1 Rd8 30. Rd1 Be6 31. Bd5 Bf5 32. Nc1 Qb8 33. Na2 Ne4 34. Qxb4 Qxb4 35. Nxb4 Nc3 36. Rd2 Nb1 37. Rd1 Nc3 38. Rd2 1/2-1/2

[Event "POL-ch U20"]
[Site "Ustron"]
[Date "2019.11.25"]
[Round "3"]
[White "Fiedorek, Michal"]
[Black "Dzwierzynski, Bartosz"]
[Result "1/2-1/2"]
[WhiteElo "2333"]
[BlackElo "2065"]
[PlyCount "84"]
[EventDate "2019.11.23"]
[EventType "swiss"]
[EventRounds "9"]
[EventCountry "POL"]
[SourceTitle "CBM 193 Extra"]
[Source "ChessBase"]
[SourceDate "2020.01.31"]
[SourceVersion "1"]
[SourceVersionDate "2020.01.31"]
[SourceQuality "1"]

1. e4 c5 2. Nf3 d6 3. d4 cxd4 4. Nxd4 Nf6 5. Nc3 g6 6. Be3 Bg7 7. f3 Nc6 8. Qd2 0-0 9. g4 Be6 10. Nxe6 fxe6 11. 0-0-0 Ne5 12. Be2 Rc8 13. Nb5 Qd7 14. Nd4 Nc4 15. Bxc4 Rxc4 16. Kb1 Rfc8 17. c3 b5 18. h4 a5 19. h5 b4 20. cxb4 Rxb4 21. Rc1 Rcb8 22. Rc2 Ne8 23. hxg6 hxg6 24. a3 R4b7 25. Ka2 Qa4 26. Qd3 Rb4 27. Rd2 R4b7 28. Rc1 Nc7 29. Qc4 Qxc4+ 30. Rxc4 Kf7 31. Rdc2 Na6 32. Bc1 Nc5 33. Nc6 Ra8 34. Be3 Nd3 35. Bd4 Bxd4 36. Rxd4 Nf4 37. Ra4 Rb5 38. Nd4 Rbb8 39. Rac4 e5 40. Nc6 Rb5 41. Rh2 Kf6 42. Rhc2 Ne6 1/2-1/2